Statistics for Major & Minor Teams That Start With B

Click here to take the quiz!

General Stats

  • This quiz has been taken 14 times
  • The average score is 15 of 47

Answer Stats

NCAA% Correct
Belmont Bruins
92%
Boston Bruins
92%
Boston Celtics
92%
Boston Red Sox
92%
Buffalo Bills
92%
Baltimore Orioles
83%
Baltimore Ravens
83%
Boston College Eagles
75%
Buffalo Sabres
75%
Brooklyn Nets
58%
Boston University Terriers
50%
BC Lions
42%
Bethune-Cookman Wildcats
42%
Boise State Broncos
42%
Birmingham Barons
33%
Baylor Bears
25%
Binghamton Bearcats
25%
Bowie Baysox
25%
Brown Bears
25%
Bucknell Bison
25%
Buffalo Bulls
25%
BYU Cougars
25%
Ball State Cardinals
17%
Barrie Colts
17%
Belleville Senators
17%
Birmingham Stallions
17%
Bournemouth
17%
Brentford
17%
Brighton & Hove Albion
17%
Bryant Bulldogs
17%
Butler Bulldogs
17%
Bakersfield Condors
8%
Bellarmine Knights
8%
Biloxi Shuckers
8%
Binghamton Rumble Ponies
8%
Birmingham Squadron
8%
Blainville-Boisbriand Armada
8%
Bowling Green Falcons
8%
Bradley Braves
8%
Brandon Wheat Kings
8%
Bridgeport Islanders
8%
Brooklyn Cyclones
8%
Buffalo Bisons
8%
Baie-Comeau Drakkar
0%
Beloit Sky Carp
0%
Bowling Green Hot Rods
0%
Bradenton Marauders
0%

Score Distribution

Percentile by Number Answered

Percent of People with Each Score

Your Score History

You have not taken this quiz